000 00913cai a22001815a 4500
001 L145092
008 080905u xxko f 000 0 eng d
035 _a(Sirsi) u145092
041 0 _aeng
110 2 _aInstitute of Directors
_9795
245 0 0 _aFree business factsheets
_h[electronic resource]
520 _aSection of the Institute of Directors website provides access to a wide range of business factsheets, provided to help managers make decisions on a range of relevant topics. Guides are dividied under the broad subject areas business management; employment, education and skills; regulation, health and safety and tax and pensions. Factsheets are free to access.
590 _aKA
651 4 _aUnited Kingdom
_y1973-
690 _aMANAGEMENT-BUSINESS MANAGEMENT-PROFESSIONAL PRACTICE
856 4 0 _uhttps://www.iod.com/factsheets
_zView the website free of charge online at www.iod.com...
942 _n0
999 _c120702
_d120702